Quizzes
Events
Quiz Creation
Community
Videos
Private Events
Remove Ads
Sign In
Join for FREE
Feedback
Dark Mode
Quiz Categories
Sports
Geography
Music
Movies
Television
Just For Fun
Miscellaneous
History
Literature
Language
Science
Gaming
Entertainment
Religion
Holiday
For Kids
Quiz Lab
Recent
Popular Today
Quiz Kudos Today
Editor Picks
Curator Picks
Quizzes by...
Day
Popularity
Type
Ratings
Length
Year
Community
Subscriptions
Recent Discussions
Orange Saloon
Badges
Playlists
Quests
Create
Leaderboards
Showdown
Live 5
Trivia Bingo
Activity
Puzzle Library
Sporcle Events
Private Events
Virtual Trivia
Globe League
Become a Host
Pub Owners
SporcleCon
Opinionation
Our Games
Videos
Blog
Mobile Apps
Partnerships
Remove Ads and Go Orange
Feedback
Entertainment
Celebrity
Famous
Musical
Broadway
Show
Quote
Comic Books
Anime
Superhero
DC Comics
Marvel
Cartoons
Animation
Entertainment
Celebrity
Famous
Musical
Broadway
Show
Quote
Comic Books
Anime
Superhero
DC Comics
Marvel
Cartoons
Animation
Random Quiz
Search Sporcle
×
Quiz Lab
Quiz Lab
Entertainment
Pokémon
Type in answers that appear in a list
Type in answers that appear in a list
Classic
Best Score? Go Orange.
Can you Name Every Pokemon Beginning With 'P'? Stats
There are 55 Pokemon from Generation 1 to Generation 7 that have a name beginning with 'P'. Can you name them all?
By
DeluxeArcanine
8m
56 Questions
658 Plays
658 Plays
658 Plays
Comments
Comments
Give Quiz Kudos
Give Quiz Kudos
-
- Ratings
hide this ad
Replay
Link that replays current quiz
Next Quiz
Link to next quiz in quiz playlist
You Got
0%
They Got
Avg Score
77%
Avg Friend Score
Upgrade to see
Score Distribution
Jump to the score distribution portion of the page
Score
0/56
Timer
08:00
0
Plays Today
Dex No.
Answer
% Correct
#025 |
Gen 1
Pikachu
96.7%
#016 |
Gen 1
Pidgey
94.7%
#018 |
Gen 1
Pidgeot
94.5%
#017 |
Gen 1
Pidgeotto
94.4%
#393 |
Gen 4
Piplup
91.5%
#061 |
Gen 1
Poliwhirl
90.3%
#060 |
Gen 1
Poliwag
90.1%
#062 |
Gen 1
Poliwrath
90.1%
#172 |
Gen 2
Pichu
89.4%
#394 |
Gen 4
Prinplup
88.9%
#137 |
Gen 1
Porygon
88%
#046 |
Gen 1
Paras
86.3%
#474 |
Gen 4
Porygon-Z
86.2%
#511 |
Gen 5
Pansage
86.2%
#513 |
Gen 5
Pansear
86.2%
#047 |
Gen 1
Parasect
86%
#233 |
Gen 2
Porygon2
86%
#186 |
Gen 2
Politoed
85.7%
#515 |
Gen 5
Panpour
85.6%
#484 |
Gen 4
Palkia
84.2%
#730 |
Gen 7
Primarina
83.1%
#728 |
Gen 7
Popplio
82.3%
#127 |
Gen 1
Pinsir
81.9%
#499 |
Gen 5
Pignite
81.9%
#053 |
Gen 1
Persian
81.2%
#674 |
Gen 6
Pancham
80.5%
#675 |
Gen 6
Pangoro
80.2%
#504 |
Gen 5
Patrat
77.5%
Dex No.
Answer
% Correct
#509 |
Gen 5
Purrloin
77.4%
#057 |
Gen 1
Primeape
77.1%
#519 |
Gen 5
Pidove
77.1%
#311 |
Gen 3
Plusle
76.4%
#489 |
Gen 4
Phione
75.5%
#054 |
Gen 1
Psyduck
75.2%
#536 |
Gen 5
Palpitoad
75.2%
#279 |
Gen 3
Pelipper
74.9%
#417 |
Gen 4
Pachirisu
74.8%
#432 |
Gen 4
Purugly
74.8%
#247 |
Gen 2
Pupitar
73.9%
#077 |
Gen 1
Ponyta
73.6%
#261 |
Gen 3
Poochyena
73.6%
#731 |
Gen 7
Pikipek
73.3%
#221 |
Gen 2
Piloswine
72%
#795 |
Gen 7
Pheromosa
71.5%
#231 |
Gen 2
Phanpy
70.2%
#803 |
Gen 7
Poipole
69.8%
#668 |
Gen 6
Pyroar
68.7%
#710 |
Gen 6
Pumpkaboo
68.2%
#708 |
Gen 6
Phantump
67.9%
#476 |
Gen 4
Probopass
67.6%
#766 |
Gen 7
Passimian
65.8%
#204 |
Gen 2
Pineco
62.9%
#771 |
Gen 7
Pyukumuku
62.9%
#770 |
Gen 7
Palossand
61.9%
#624 |
Gen 5
Pawniard
60.9%
#548 |
Gen 5
Petilil
53.8%
Quiz Playlist
Details
Report
Send in Message
Add To Playlist
Classic:
Type in answers that appear in a list
Last Updated: Dec 3, 2017
Quiz Scoreboard
CHALLENGE
Sign Up to Join the Scoreboard
Show All
Scores
Hide
Comments
May contain spoilers
Recently Published
Billboard Blitz: Fleetwood Mac
by CooCooCachoo
Music
15s
Presidents Visiting Landmarks
by Hejman
History
7m
An Introduction to Baseball
by treessimontrees
Sports
5m
More to Explore
Quiz From the Vault
Featured Blog Post
Where Did the Easter Bunny Come From?
hide this ad
You Might Also Like...
Tags
Pokémon Quiz
Dex
Generation
Generation 1
Generation 6
Today's Top Quizzes in Entertainment
Browse Entertainment
hide this ad
Today's Top Quizzes in Pokémon
Browse Pokémon
Top Contributed Quizzes in Entertainment
1
7-to-1: DC Comics Villains
2
Marvel Characters Bunker
3
Eurovision 2023 Logic Puzzle
4
Kamen Rider Motifs
5
Dragon Ball Z: Goku's Fights in Order
6
Criteria Quickie: Cartoon Taxonomy II
7
Sorting Pictures: Villains
8
Fictional Villains Letter U Blitz
9
Dragon Ball Z: Mega Character Search
10
Mini Trivia Sudoku: Musicals
Explore More
Trending Topics
Disney
Marvel
NBA
Kpop
Harry Potter
Anime
Crossword
Song
Pokémon
WWE
The Office
Country
NFL
Puzzle
Soccer
hide this ad
More By:
DeluxeArcanine
Quiz
Plays
Rating
Category
Featured
Created
Can You Name Every Pokemon Beginning With 'A'?
1,735
5.00
Entertainment
Aug 9, 2016
Name the Pokémon Drafted in a League by aDrive
1,413
3.50
Gaming
Jul 2, 2017
Can You Name Every Pokemon Beginning With 'B'?
1,124
5.00
Entertainment
Aug 9, 2016
Can You Name Every Pokemon Beginning With 'C'?
1,069
5.00
Entertainment
Aug 9, 2016
Can You Name Every Pokemon Beginning With 'D'?
893
4.50
Entertainment
Aug 9, 2016
Go to Creator's Profile
Score Distribution
Quiz Creator Spotlight
DeluxeArcanine
Follow
Send a Message
Quizzes Created
-
Created Quiz Play Count
-
More By This Creator
Popular Quizzes Today
1
Find the US States - No Outlines Minefield
2
Find the Countries of Europe - No Outlines Minefield
3
The Countries of the World
4
Find the US States
5
US States
6
Popular People in 1961
7
Risky Map Clicking: Biggest States A-Z
8
Movies - When Are They Set?
More Entertainment Quizzes
Fictional Alumni
Published
Trending Quizzes
Risky Map Clicking: Least Populous States A-Z
1-10 Letter G Words
1-10 Letter F Words
Risky Map Clicking: Next State Alphabetically
Risky Map Clicking: Biggest States A-Z
Recently Updated
Leaping Animals
pecheneg
Reality TV Shows (A-Z)
bhenderson79
Rickey Henderson's Hall of Fame Teammates
pecheneg
Champions League XIs: Arsenal
pecheneg
Quick Pick: Celebrities in WWE's Hall of Fame
aduchscher
A-Z Keypad Blitz II
pecheneg
Multiple Oscar Actors
pecheneg
Mystery Phrase Blitz: Oscar 'Best Actors'
pecheneg
F. Scott Fitzgerald Novels
LTH
Pick 3 Villains
ddd62291
Trending Topics
NBA
Anime
Harry Potter
Kpop
Crossword
Marvel
Disney
Pokémon
Soccer
WWE
The Office
Country
Song
Puzzle
NFL
Your Account Isn't Verified!
In order to create a playlist on Sporcle, you need to verify the email address you used during registration. Go to your
Sporcle Settings
to finish the process.
Report this User
Report this user for behavior that violates our
Community Guidelines
.
Details:
Send Report
Go to the Sporcle.com Mobile Site →
Comments